Louletanos do Século XX (Registo nº 1180)
[ vista simples ]
| 000 -Etiqueta do registo | |
|---|---|
| Cabeçalho | 00586nam0a2200241 4500 |
| 005 - Identificador da versão | |
| Campo de controlo | 20240813121827.0 |
| 010 ## - Número internacional normalizado dos livros (ISBN) | |
| Número (ISBN) | 9789729064357 |
| 021 ## - Número do Depósito Legal | |
| Código do país | PT |
| Número | 301533/09 |
| 100 ## - Dados gerais de processamento | |
| Dados gerais de processamento | 20101112d2009 a y0pory5003 ba |
| 102 ## - Pais de publicação ou produção | |
| País de publicação | Portugal |
| 101 0# - Língua de publicação | |
| Língua do texto, banda sonora, etc. | Português |
| Língua do documento no original | Português |
| 106 ## - Campo de dados codificados: material textual | |
| Dados codificados do material textual | r |
| 105 ## - Campo de dados codificados: livros | |
| Dados codificados dos livros | y z 001yy |
| 215 ## - Descrição física | |
| Indicação específica da natureza do documento e extensão da espécie | 59 p. |
| Dimensões | cm |
| 200 1# - Titulo e menção de responsabilidade | |
| Título próprio | Louletanos do Século XX |
| Primeira menção de responsabilidade | Teodomiro Neto |
| 225 2# - Colecção | |
| Título próprio da colecção | Cadernos do Arquivo |
| Indicação de volume | 1 |
| 210 ## - Publicação, Distribuição, etc. | |
| Lugar da edição, distribuição, etc. | Loulé |
| Nome do editor, distribuidor, etc. | Câmara Municipal de Loulé |
| Data da publicação, distribuição, etc. | 2009 |
| 304 ## - Notas relativas a título e menção de responsabilidade | |
| Texto da nota | Tít. orig.: |
| 942 ## - Elementos de entrada adicionados (Koha) | |
| Tipo de item no Koha | Livro |
| Situação do levantamento | Origin of item (home branch) (coded) | Biblioteca de empréstimo | Código de barras | Cota | Circulation type (not for loan) | Tipo de documento | Nota do exemplar | Damaged status |
|---|---|---|---|---|---|---|---|---|
| Biblioteca Escolar Eng. Nuno Mergulhão | Biblioteca Escolar Eng. Nuno Mergulhão | BENM2145 | 9PT NET | Livro | Sem mensagem |
